00398nam a2200157Ia 4500001000500000005001700005008004100022041000800063082002000071100003700091245005400128260000900182300003300191650000800224654000800232803120260306160539.0260306t2013||||xx |||||||||||||| ||spa|| aESP a370.1bC75 V. 1 aGonzález Carré, EnriqueeAUT 0aAprender e instruir en los andes, siglos XV - XVI c2013 axxv, 207 páginas :c26 cm. aGEN aCED